| 000 | 00817nam a2200265Ia 4500 | ||
|---|---|---|---|
| 001 | 20106 | ||
| 003 | DO-CoUTE | ||
| 005 | 20260204212635.0 | ||
| 008 | 220104s9999 dr 000 0 spa d | ||
| 020 | _a99934-30-98-6 | ||
| 040 |
_aDO-CoUTE _bspa _cDO-CoUTE |
||
| 041 | 0 | _aspa | |
| 082 | _aRD863.42 R696c | ||
| 100 | 1 | _aRodríguez Demorizi, Emilio | |
| 245 | 1 | 0 | _aCartas a Silveria / Emilio Rodríguez Demorizi |
| 260 | _aSanto Domingo, República Dominicana : Banco Central | ||
| 300 | _a179 páginas | ||
| 490 | _aArte y Literatura | ||
| 500 | _aColección del Banco Central de la República Dominicana | ||
| 650 | 4 | _aCorrespondencias - Memorias | |
| 710 | _aBanco Central de la República Dominicana | ||
| 942 |
_2ddc _cBK |
||
| 999 |
_c21584 _d21584 |
||